| 000 | 00378nam a22001577a 4500 | ||
|---|---|---|---|
| 003 | BD-DhUIB | ||
| 005 | 20251115201146.0 | ||
| 008 | 251115b |||||||| |||| 00| 0 eng d | ||
| 040 |
_aBD-DhUIB _cBD-DhUIB |
||
| 050 | _a657.48 | ||
| 082 | _222 | ||
| 100 |
_aThomas, C. William. _91088 |
||
| 245 |
_aFinancial accounting/ _cby William, Thomas C. |
||
| 526 | _aBBA | ||
| 942 |
_2ddc _cBK |
||
| 999 |
_c666 _d666 |
||